Tras las sombras del Tibet

Saved in:
Bibliografiske detaljer
Hovedforfatter: Bischhoffshausen, Alex Von (Author)
Format: Bog
Sprog:spansk
engelsk
Udgivet: s.l Desde las Antípodas Ediciones 2015
Udgivelse:1a. ed
Fag:
Tags: Tilføj Tag
Ingen Tags, Vær først til at tagge denne postø!

MARC

LEADER 00000cam a2200000 a 4500
001 UCD9594
003 CL-VaPUC
008 170630e20150000cl |||||||||||||||||spa|d
020 |a 9789563586893 
041 0 7 |a spa  |2 CL-VaPUC 
041 0 7 |a eng  |2 CL-VaPUC 
082 0 4 |a 951.505  |b BIS  |2 21 
100 |a Bischhoffshausen, Alex Von  |e author  |9 408796 
245 1 0 |a Tras las sombras del Tibet 
246 1 0 |a Behind the shadows of Tibet 
250 |a 1a. ed 
300 |a 236 p 
942 |c BK 
945 |d 20170630 21:31:00  |a dcastane 
260 |a s.l  |b Desde las Antípodas Ediciones  |c 2015 
650 0 |a Viajes y descripciones  |9 363745 
650 0 |a Obras ilustradas  |9 265022 
650 0 |a Vida social y costumbres  |9 258725 
651 7 |a TIBET  |2 CL-VaPUC  |9 324206 
651 0 |a China   |9 257545 
583 |a last modification  |c 20170630 21:31:00  |k Rodrigo Vera 
999 |c 368695  |d 368693 
952 |0 0  |1 0  |3 erd  |4 0  |6 951_505000000000000_BIS_2015  |7 0  |8 A  |9 484099  |a BIBART  |b BIBART  |i 5402107  |o 951.505 BIS 2015  |p 5402107  |r 2023-01-11  |w 2019-11-24  |y BK  |z Catalogado en:20170630  |k ART